000 00464nam a22001937a 4500
001 BT-PhCST
003 BT-PhCST
005 20190204172414.0
008 170324b xxu||||| |||| 00| 0 eng d
020 _aNA
040 _aBT-PhCST
_cBT-PhCST
_dBT-PhCST
050 _aD44
082 _222
_anil
100 _aNA
245 _aSangay Ki Sungrab /
260 _aJapan,
_bKosaido Printing Co. Ltd,
_cc1944.
300 _aill. ;
_b309 p. ;
_c14 cm.
942 _2ddc
_cRE
999 _c6668
_d6668